Noah Kahan Songs - Sudden death - Statistics

General Stats
  • This quiz has been taken 438 times
  • The average score is 8 of 10
Answers on the Grid
Answers color-coded by a green-red scale on the quiz's grid according to % correct below.
Your needs, My needs
Young Blood
Ticking
The View between villages
Stick Season
Pride
New Romantics
New Perspective
Give me everything
Fine
Dynamite
Catastrophize
And she was
I Gotta Feelin'
Busyhead
Come over
 
Answer Stats
Answer % Correct
Stick Season
97%
New Perspective
93%
The View between villages
92%
Your needs, My needs
91%
Come over
85%
Busyhead
82%
Young Blood
82%
Catastrophize
65%
Fine
57%
Pride
39%
No matching quizzes found
Score Distribution
Percent of People with Each Score
Percentile by Number Answered
Your Score History
You have not taken this quiz